| 000 | 00546nam a22001817a 4500 | ||
|---|---|---|---|
| 999 |
_c192381 _d192381 |
||
| 010 | _aENG-135140 | ||
| 020 |
_c375.00 _a9788179664834 |
||
| 035 | _aEN-118672 | ||
| 037 | _bDBAD / PUB | ||
| 082 | _a921 | ||
| 100 | _aTareen,Jalees A.K. | ||
| 245 |
_aRise of A Barefoot Boy: _cby Jalees A.K.Tareen _bAn Autobiography/ |
||
| 260 |
_bEmerald Publishers _c2018 _aChennai |
||
| 270 |
_bChennai _a15A,First Floor,Casa Major Road Egmore, _e600008 |
||
| 300 |
_a287p. _c22cm(pbk) |
||
| 650 | _aSikhism | ||
| 942 |
_2ddc _cEN _mTAR _h921 |
||